• 首页
  • 本馆介绍
  • 公告通知
  • 最新文献
  • 馆藏检索
  • 电子资源
  • 读者导购
  • 参考咨询
  • 我的图书馆
  • 登录
  • 详细信息显示
  • 放入我的书架
  • 预约/预借图书
  • 作者相关作品
  • 分类相关作品
  • 丛书相关作品
  • 出版社相关作品

书目信息

  • 表格格式
  • 工作单格式
  • 卡片格式
题名:
精品课十二讲
    
 
作者: 丁晓强 主编
分册:  
出版信息: 北京   人民日报出版社  2018.07
页数: 232页
开本: 24cm
丛书名:
单 册:
中图分类: D641
科图分类:
主题词:
电子资源:
ISBN: 978-7-5115-3755-3
000 00948nam0 2200229 450
001 0103152646
005 20201103152730.0
010    @a978-7-5115-3755-3@dCNY48.00
100    @a20180913d2018 em y0chiy50 ea
101 0  @achi
102    @aCN@b110000
105    @aa z 000yy
106    @ar
200 1  @a精品课十二讲@Ajing pin ke shi er jiang@e不忘初心 牢记使命 新时代党课这样讲@e彩色图解版@f丁晓强主编
210    @a北京@c人民日报出版社@d2018.07
215    @a232页@d24cm
330    @a本书根据习近平新时代中国特色社会主义思想编写,分上中下三篇,包括初心与使命、红船精神、新时代历史使命、习近平新时代中国特色社会主义思想、遵循党章、坚持党的领导、以人民为中心、“五位一体”、“四个全面”、“四个自信”、社会主义核心价值体系、人类命运共同体等十二节专题党课。
601 02 @a中国共产党@x党课@j学习参考资料
690    @aD641@v5
701  0 @a丁晓强@Ading xiao qiang@f(1960-)@4主编
801  0 @aCN@bBJSZM@c20201103
905    @b1255881-5@dD641@e227@f5
    
    精品课十二讲:不忘初心 牢记使命 新时代党课这样讲:彩色图解版/丁晓强主编.-北京:人民日报出版社,2018.07
    232页;24cm
    
    
    ISBN 978-7-5115-3755-3:CNY48.00
    本书根据习近平新时代中国特色社会主义思想编写,分上中下三篇,包括初心与使命、红船精神、新时代历史使命、习近平新时代中国特色社会主义思想、遵循党章、坚持党的领导、以人民为中心、“五位一体”、“四个全面”、“四个自信”、社会主义核心价值体系、人类命运共同体等十二节专题党课。
●
相关链接 在E读中查询图书 在五车中查询图书 在当当中查询图书 在豆瓣中查询图书


正题名:精品课十二讲     索取号:D641/227         预约/预借

序号 登录号 条形码 馆藏地/架位号 状态 备注
1 1255881   212558819   第一样本阅览室/ [索取号:D641/227] 在馆    
2 1255882   212558828   教育系资料室/ [索取号:D641/227] 在馆    
3 1255883   212558837   教育系资料室/ [索取号:D641/227] 在馆    
4 1255884   212558846   第一借阅区/ [索取号:D641/227] 在馆    
5 1255885   212558855   第一借阅区/ [索取号:D641/227] 在馆    
唐山师范学院图书馆 欢迎您!
大连网信软件有限公司© 版权所有